[Event "GER-ch U14"]
[Site "Willingen"]
[Date "2023.05.28"]
[Round "2"]
[White "Ahryzkov, Ivan"]
[Black "Haubold, Christian Lucas"]
[Result "0-1"]
[WhiteElo "1494"]
[BlackElo "1949"]
[PlyCount "44"]
[EventDate "2023.05.27"]
[EventType "swiss"]
[EventRounds "9"]
[EventCountry "GER"]
[SourceTitle "CBM 214 Extra"]
[Source "ChessBase"]
[SourceDate "2023.07.31"]
[SourceVersion "1"]
[SourceVersionDate "2023.07.31"]
[SourceQuality "1"]

1. e4 e5 2. Nf3 Nc6 3. d4 exd4 4. Bc4 Bc5 5. Ng5 Nh6 6. Nxf7 Nxf7 7. Bxf7+ Kxf7 8. Qh5+ g6 9. Qxc5 d5 10. Qxd5+ Qxd5 11. exd5 Nb4 12. Kd1 Bf5 13. Na3 Nxd5 14. Bg5 h6 15. Bh4 Rhe8 16. Kd2 Nf4 17. Bg3 Nxg2 18. Rhg1 Bh3 19. Nb5 Re7 20. Nxc7 Nh4 21. Nxa8 Nf3+ 22. Kd3 b5 0-1

[Event "GER-chT U14"]
[Site "Kelheim"]
[Date "2022.12.30"]
[Round "7"]
[White "Haubold, Christian Lucas"]
[Black "Marinin, Georgii"]
[Result "1-0"]
[WhiteElo "1981"]
[BlackElo "1425"]
[PlyCount "111"]
[EventDate "2022.12.26"]
[EventType "team-swiss"]
[EventRounds "7"]
[EventCountry "GER"]
[SourceTitle "CBM 212 Extra"]
[Source "ChessBase"]
[SourceDate "2023.03.31"]
[SourceVersion "1"]
[SourceVersionDate "2023.03.31"]
[SourceQuality "1"]
[WhiteTeam "Stassfurt Einheit"]
[BlackTeam "Stuttgart Wolfbusch"]
[WhiteTeamCountry "GER"]
[BlackTeamCountry "GER"]

1. e4 c6 2. d4 d5 3. Nc3 dxe4 4. Nxe4 Bf5 5. Ng3 Bg6 6. Nf3 Nd7 7. Bc4 e6 8. 0-0 Ngf6 9. Re1 Be7 10. c3 0-0 11. Nh4 c5 12. Nxg6 hxg6 13. Bb3 Rc8 14. Bg5 a6 15. Qf3 Qb6 16. Rad1 Rfd8 17. d5 e5 18. Bc4 Re8 19. d6 Bxd6 20. Ne4 Be7 21. Rxd7 Rc7 22. Rxc7 Qxc7 23. Bxf6 gxf6 24. Nxf6+ Bxf6 25. Qxf6 Qd7 26. Qxg6+ Kf8 27. Qh6+ Ke7 28. Rxe5+ Kd8 29. Qb6+ Kc8 30. Qxc5+ Kb8 31. Qd5 Rd8 32. Qxd7 Rxd7 33. Rd5 Re7 34. Kf1 Kc7 35. Rf5 Kc6 36. Rxf7 Re5 37. Rf6+ Kc7 38. f4 Rh5 39. h3 Ra5 40. a3 Rc5 41. Bd3 a5 42. Rf5 Rc6 43. g4 Rh6 44. Rh5 Rf6 45. f5 Rb6 46. Rh7+ Kd8 47. b4 axb4 48. cxb4 Rd6 49. Ke2 b6 50. g5 Ke8 51. f6 Re6+ 52. Kf3 Rd6 53. Bg6+ Kd8 54. Rh8+ Kc7 55. f7 Rxg6 56. f8Q 1-0

[Event "GER-ch U14"]
[Site "Willingen"]
[Date "2022.06.05"]
[Round "1"]
[White "Haubold, Christian Lucas"]
[Black "Schwan, Aaron"]
[Result "1-0"]
[WhiteElo "1944"]
[BlackElo "1671"]
[PlyCount "39"]
[EventDate "2022.06.04"]
[EventType "swiss"]
[EventRounds "9"]
[EventCountry "GER"]
[SourceTitle "CBM 208 Extra"]
[Source "ChessBase"]
[SourceDate "2022.07.31"]
[SourceVersion "1"]
[SourceVersionDate "2022.07.31"]
[SourceQuality "1"]

1. e4 c5 2. Nf3 e6 3. d4 cxd4 4. Nxd4 a6 5. Bd3 Qc7 6. a3 Nf6 7. Nc3 b5 8. 0-0 d6 9. f4 g6 10. e5 Nfd7 11. exd6 Qxd6 12. Be4 Ra7 13. Qe2 Qb6 14. Be3 Bc5 15. Rad1 Qd8 16. Nxe6 fxe6 17. Bxc5 Nxc5 18. Rxd8+ Kxd8 19. Qe3 Rc7 20. Qd4+ 1-0

[Event "GER-ch U12"]
[Site "Willingen"]
[Date "2021.08.29"]
[Round "9"]
[White "Haubold, Christian Lucas"]
[Black "Huber, Benedikt Thomas"]
[Result "0-1"]
[WhiteElo "1649"]
[BlackElo "1613"]
[PlyCount "116"]
[EventDate "2021.08.22"]
[EventType "swiss"]
[EventRounds "9"]
[EventCountry "GER"]
[SourceTitle "EXT 2022"]
[Source "ChessBase"]
[SourceDate "2021.10.06"]
[SourceVersion "1"]
[SourceVersionDate "2021.10.06"]
[SourceQuality "1"]

1. e4 e6 2. d4 d5 3. Nd2 c5 4. exd5 Qxd5 5. Ngf3 cxd4 6. Bc4 Qd7 7. 0-0 Nc6 8. Re1 a6 9. Nb3 Qc7 10. Bf1 Nf6 11. Nbxd4 Nxd4 12. Nxd4 Be7 13. Qf3 0-0 14. c3 Bd7 15. Bd3 Rfe8 16. h3 Bc5 17. Nb3 Bd6 18. Bg5 Bc6 19. Qe2 Nd5 20. Qh5 h6 21. Bd2 Bf4 22. Qh4 Bxd2 23. Nxd2 Rad8 24. Nb3 Nxc3 25. Bxa6 Nxa2 26. Rxa2 bxa6 27. Rxa6 Bxg2 28. Ra4 Bd5 29. Nd4 Qe7 30. Qg3 Qf6 31. Qg4 Rb8 32. Re2 e5 33. Nf5 Be6 34. Nxh6+ Qxh6 35. Qg3 Qg6 36. Qxg6 fxg6 37. Rxe5 Bxh3 38. Rg5 Bf5 39. b4 Re4 40. f3 Rexb4 41. Ra7 Rb1+ 42. Kf2 R8b2+ 43. Ke3 Re1+ 44. Kd4 Rd2+ 45. Kc3 Rc2+ 46. Kd4 Rd1+ 47. Ke5 Re2+ 48. Kf4 Rd4+ 49. Kg3 Re3 50. Ra8+ Kf7 51. Kf2 Rdd3 52. Rg3 Be4 53. Ra7+ Kf8 54. Rg1 Rxf3+ 55. Ke2 Rh3 56. Rf1+ Kg8 57. Rf2 Rhe3+ 58. Kf1 Rd1# 0-1

[Event "GER-ch U12"]
[Site "Willingen"]
[Date "2021.08.28"]
[Round "8"]
[White "Sauer, Tim"]
[Black "Haubold, Christian Lucas"]
[Result "1/2-1/2"]
[WhiteElo "1810"]
[BlackElo "1649"]
[PlyCount "104"]
[EventDate "2021.08.22"]
[EventType "swiss"]
[EventRounds "9"]
[EventCountry "GER"]
[SourceTitle "EXT 2022"]
[Source "ChessBase"]
[SourceDate "2021.10.06"]
[SourceVersion "1"]
[SourceVersionDate "2021.10.06"]
[SourceQuality "1"]

1. e4 e5 2. Nf3 Nc6 3. Bc4 Bc5 4. c3 Nf6 5. d4 exd4 6. b4 Bb6 7. e5 d5 8. exf6 dxc4 9. Qe2+ Be6 10. b5 Na5 11. fxg7 Rg8 12. cxd4 Qd7 13. Nc3 0-0-0 14. Be3 Rxg7 15. Rg1 Bg4 16. 0-0-0 Qd6 17. Ne4 Qxh2 18. Ng3 Bxf3 19. Qxf3 Qh4 20. Nf5 Qg4 21. Nxg7 Qxg7 22. Qf5+ Kb8 23. Qe4 Qf8 24. Qc2 Rd5 25. Qa4 Qe8 26. Rh1 h5 27. Rhe1 Qd7 28. Qc2 Qxb5 29. Bd2 a6 30. Bxa5 Qxa5 31. Re4 c5 32. dxc5 Qa3+ 33. Kb1 Rxd1+ 34. Qxd1 Qxc5 35. Qc2 Qb5+ 36. Qb2 Qf5 37. Qc2 Qb5+ 38. Ka1 Bc7 39. Qb2 Qd5 40. Qh8+ Ka7 41. f3 Qd1+ 42. Kb2 Qd2+ 43. Kb1 Qd1+ 44. Kb2 Qd2+ 45. Kb1 Qd3+ 46. Kb2 f5 47. Re8 Qd2+ 48. Kb1 c3 49. Ra8+ Kb6 50. Qf6+ Bd6 51. Qd8+ Kb5 52. Qd7+ Kb6 1/2-1/2

[Event "GER-ch U12"]
[Site "Willingen"]
[Date "2021.08.26"]
[Round "6"]
[White "Engel, Bruno"]
[Black "Haubold, Christian Lucas"]
[Result "0-1"]
[WhiteElo "1660"]
[BlackElo "1649"]
[PlyCount "142"]
[EventDate "2021.08.22"]
[EventType "swiss"]
[EventRounds "9"]
[EventCountry "GER"]
[SourceTitle "EXT 2022"]
[Source "ChessBase"]
[SourceDate "2021.10.06"]
[SourceVersion "1"]
[SourceVersionDate "2021.10.06"]
[SourceQuality "1"]

1. e4 e5 2. Nf3 Nc6 3. Bb5 a6 4. Ba4 d6 5. 0-0 Nf6 6. Re1 Be7 7. c3 b5 8. Bc2 Bg4 9. d3 0-0 10. Nbd2 Na7 11. d4 exd4 12. cxd4 c5 13. d5 Nd7 14. h3 Bh5 15. b3 Bf6 16. Rb1 b4 17. Nc4 Nb5 18. Bb2 Bc3 19. Re3 Qf6 20. Qd3 Rfe8 21. e5 Qh6 22. Bc1 Bg6 23. Qf1 Bxc2 24. Rxc3 Qg6 25. Rxc2 Qxc2 26. Bb2 dxe5 27. Nfxe5 Nxe5 28. Bxe5 f6 29. Rb2 Qf5 30. Bg3 Rad8 31. d6 Qe6 32. Kh2 Nd4 33. Qd1 Qe1 34. Qh5 Ne2 35. Rxe2 Qxe2 36. Qxc5 Qe1 37. Qa5 Qe6 38. Qxb4 g5 39. Qd2 h5 40. f4 h4 41. Bf2 Qf5 42. fxg5 fxg5 43. Bd4 Re4 44. Bb2 g4 45. hxg4 Qxg4 46. Qc3 Kh7 47. Ne5 Qf4+ 48. Kh1 Rg8 49. Qc7+ Rg7 50. Qxg7+ Kxg7 51. Nd3+ Kf7 52. Nxf4 Rxf4 53. Ba3 Rf2 54. Bc5 Rxa2 55. b4 Ke6 56. Kh2 Ra3 57. Bf2 Ra4 58. Bc5 Ra3 59. Bf2 Rb3 60. Bc5 Kd7 61. Kg1 Kc6 62. Kf2 a5 63. d7 Rd3 64. Be7 Rxd7 65. Bxh4 axb4 66. Ke3 Rd6 67. Be1 b3 68. Bc3 Kb5 69. g4 Kc4 70. Bh8 Rd3+ 71. Ke4 Rc3 0-1

[Event "GER-ch U12"]
[Site "Willingen"]
[Date "2021.08.23"]
[Round "1"]
[White "Haubold, Christian Lucas"]
[Black "Bock, Leonas"]
[Result "1-0"]
[WhiteElo "1649"]
[BlackElo "1278"]
[PlyCount "55"]
[EventDate "2021.08.22"]
[EventType "swiss"]
[EventRounds "9"]
[EventCountry "GER"]
[SourceTitle "EXT 2022"]
[Source "ChessBase"]
[SourceDate "2021.10.06"]
[SourceVersion "1"]
[SourceVersionDate "2021.10.06"]
[SourceQuality "1"]

1. e4 d6 2. d4 Nf6 3. Nc3 c6 4. a4 Qa5 5. Bd2 Qc7 6. h3 e5 7. Nge2 Nbd7 8. g3 Be7 9. Bg2 0-0 10. 0-0 Re8 11. g4 Nf8 12. a5 Ng6 13. f4 Nh4 14. g5 Nh5 15. dxe5 dxe5 16. f5 Bc5+ 17. Kh2 Rd8 18. Qe1 Nxg2 19. Kxg2 g6 20. Na4 Bd6 21. Qh4 b6 22. axb6 axb6 23. Be3 Bc5 24. Nxc5 bxc5 25. Rxa8 Qb7 26. Ra2 Qb5 27. Nc3 Qc4 28. Ra4 1-0

[Event "GER-chT U12"]
[Site "Magdeburg"]
[Date "2021.08.07"]
[Round "6.2"]
[White "Wartenberg, Alissa"]
[Black "Haubold, Christian Lucas"]
[Result "1/2-1/2"]
[WhiteElo "1562"]
[BlackElo "1649"]
[PlyCount "113"]
[EventDate "2021.08.04"]
[EventType "team-swiss"]
[EventRounds "7"]
[EventCountry "GER"]
[SourceTitle "EXT 2022"]
[Source "ChessBase"]
[SourceDate "2021.10.06"]
[SourceVersion "1"]
[SourceVersionDate "2021.10.06"]
[SourceQuality "1"]
[WhiteTeam "Hamburger SK"]
[BlackTeam "Stassfurt Einheit"]
[WhiteTeamCountry "GER"]
[BlackTeamCountry "GER"]

1. e4 e5 2. Nf3 Nc6 3. Nc3 Nf6 4. d4 exd4 5. Nxd4 Bb4 6. Nxc6 bxc6 7. Bd3 0-0 8. 0-0 d5 9. exd5 cxd5 10. Bg5 Be6 11. Bxf6 Qxf6 12. Na4 Bd6 13. Nc3 Qh6 14. g3 Bh3 15. Re1 c6 16. Bf1 Rab8 17. Bxh3 Qxh3 18. Rb1 Rb4 19. Qf3 Rfb8 20. b3 h5 21. Qg2 Qf5 22. Re2 h4 23. Rbe1 h3 24. Qh1 g6 25. Nb1 Bc5 26. Nd2 Rd4 27. Nf3 Re4 28. c4 Rbe8 29. Kf1 Rxe2 30. Rxe2 Rxe2 31. Kxe2 Qc2+ 32. Nd2 Bb4 33. Qd1 Qxa2 34. cxd5 cxd5 35. Qc1 Bxd2 36. Qxd2 Qxb3 37. Qa5 Qc2+ 38. Ke1 Qe4+ 39. Kd2 Qg2 40. Ke2 Qxh2 41. Qxd5 Qg2 42. Qd8+ Kg7 43. Qd4+ f6 44. Qxa7+ Kh6 45. Qe3+ g5 46. Qe6 Kh5 47. Qf7+ Kg4 48. Qc4+ Kf5 49. Qc8+ Ke5 50. Qc7+ Kd4 51. Qb6+ Kd5 52. Qb7+ Kd6 53. Qb8+ Kc5 54. Qa7+ Kb5 55. Qb8+ Ka6 56. Qd6+ Ka7 57. Qc5+ 1/2-1/2

[Event "GER-ch U12"]
[Site "Willingen"]
[Date "2020.10.29"]
[Round "4"]
[White "Haubold, Sebastian Marcel"]
[Black "Haubold, Christian Lucas"]
[Result "1-0"]
[WhiteElo "1769"]
[BlackElo "1615"]
[PlyCount "79"]
[EventDate "2020.10.26"]
[EventType "swiss"]
[EventRounds "7"]
[EventCountry "GER"]
[SourceTitle "CBM 199 Extra"]
[Source "ChessBase"]
[SourceDate "2021.01.31"]
[SourceVersion "1"]
[SourceVersionDate "2021.01.31"]
[SourceQuality "1"]

1. e4 e5 2. Nf3 Nc6 3. Bb5 a6 4. Ba4 d6 5. 0-0 Bg4 6. c3 b5 7. Bb3 Nf6 8. Re1 Be7 9. d3 0-0 10. Nbd2 h6 11. Nf1 Bh5 12. Ng3 Bg6 13. Nh4 Bh7 14. Nhf5 Na5 15. Bc2 c5 16. f4 Nc6 17. Kh1 b4 18. Qf3 Kh8 19. Ba4 Na7 20. Nxe7 Qxe7 21. f5 Qc7 22. cxb4 cxb4 23. Nh5 Nxh5 24. Qxh5 f6 25. Bb3 Nb5 26. Be3 Qe7 27. g4 a5 28. h4 a4 29. Bc4 Nd4 30. Bxd4 exd4 31. Rg1 a3 32. b3 Qe5 33. Raf1 Rad8 34. g5 Rd7 35. gxh6 gxh6 36. Qxh6 Qe7 37. Rg4 Rb8 38. Rfg1 Qf8 39. Rg8+ Qxg8 40. Bxg8 1-0

[Event "Prague Summer op-B 7th"]
[Site "Prague"]
[Date "2020.08.10"]
[Round "4"]
[White "Haubold, Christian Lucas"]
[Black "Karlsson, Peter1111"]
[Result "1/2-1/2"]
[WhiteElo "1572"]
[BlackElo "1759"]
[PlyCount "91"]
[EventDate "2020.08.08"]
[EventType "swiss"]
[EventRounds "9"]
[EventCountry "CZE"]
[SourceTitle "EXT 2021"]
[Source "ChessBase"]
[SourceDate "2020.10.23"]
[SourceVersion "1"]
[SourceVersionDate "2020.10.23"]
[SourceQuality "1"]

1. e4 d5 2. exd5 Nf6 3. d4 Nxd5 4. Nf3 c6 5. c4 Nb6 6. Nc3 g6 7. h3 Bg7 8. Be3 0-0 9. Qd2 N8d7 10. 0-0-0 Nf6 11. Bh6 Re8 12. Bxg7 Kxg7 13. g4 Nbd7 14. Be2 Nf8 15. Rdg1 Qc7 16. g5 Ng8 17. h4 Bf5 18. h5 Rad8 19. Qe3 Ne6 20. Rd1 Qf4 21. Rh4 Qxe3+ 22. fxe3 gxh5 23. d5 Nf8 24. Rxh5 Bg6 25. Rhh1 f6 26. Rd4 e5 27. Rdd1 fxg5 28. Nxg5 Nf6 29. Rhg1 Rd6 30. e4 Red8 31. Bf1 cxd5 32. cxd5 a6 33. Bh3 h6 34. Ne6+ Nxe6 35. Bxe6 Kh7 36. Rde1 Nh5 37. Nd1 Nf4 38. Nf2 Nxe6 39. dxe6 Rxe6 40. Rd1 Rc6+ 41. Kb1 Rxd1+ 42. Rxd1 Rc7 43. Rd5 Rf7 44. Rd2 h5 45. b3 Kh6 46. Kb2 1/2-1/2

[Event "Prague Summer op-B 7th"]
[Site "Prague"]
[Date "2020.08.09"]
[Round "3"]
[White "Von Lossow, Marcus"]
[Black "Haubold, Christian Lucas"]
[Result "1/2-1/2"]
[WhiteElo "1685"]
[BlackElo "1572"]
[PlyCount "82"]
[EventDate "2020.08.08"]
[EventType "swiss"]
[EventRounds "9"]
[EventCountry "CZE"]
[SourceTitle "EXT 2021"]
[Source "ChessBase"]
[SourceDate "2020.10.23"]
[SourceVersion "1"]
[SourceVersionDate "2020.10.23"]
[SourceQuality "1"]

1. e4 e5 2. Nf3 Nc6 3. d4 exd4 4. Bc4 Bc5 5. c3 Nf6 6. e5 d5 7. Bb5 Ne4 8. cxd4 Bb6 9. 0-0 0-0 10. Be3 Bg4 11. Bxc6 bxc6 12. h3 Bh5 13. g4 Bg6 14. Nbd2 Qd7 15. Nxe4 Bxe4 16. Ng5 Bg6 17. Rc1 f6 18. Nf3 Be4 19. Rc3 Bxf3 20. Qxf3 fxe5 21. Qd1 e4 22. Qa4 Rf3 23. Kg2 Rd8 24. Qxc6 Qc8 25. Bg5 Rxc3 26. bxc3 Rd6 27. Qa4 Rg6 28. Bf4 h5 29. Bg3 hxg4 30. hxg4 Qf8 31. Qd7 Qf3+ 32. Kg1 Rh6 33. Qxd5+ Kh8 34. Bh2 Qxg4+ 35. Bg3 e3 36. Qg2 Rh3 37. Bxc7 exf2+ 38. Rxf2 Qxg2+ 39. Kxg2 Rxc3 40. Bxb6 axb6 41. Rd2 Kg8 1/2-1/2

[Event "GER Pfingstopen U12"]
[Site "Playchess.com INT"]
[Date "2020.06.02"]
[Round "7"]
[White "Haubold, Christian Lucas"]
[Black "Skembris, Simon Max"]
[Result "0-1"]
[WhiteElo "1511"]
[BlackElo "1620"]
[PlyCount "70"]
[EventDate "2020.06.02"]
[EventType "swiss (blitz)"]
[EventRounds "11"]
[EventCountry "GER"]
[SourceTitle "CBM 197 Extra"]
[Source "ChessBase"]
[SourceDate "2020.09.30"]
[SourceVersion "1"]
[SourceVersionDate "2020.09.30"]
[SourceQuality "1"]

1. e4 e5 2. Nf3 Nf6 3. d3 Nc6 4. Bg5 h6 5. Bh4 Be7 6. Be2 d6 7. Nc3 Be6 8. Qd2 a6 9. a3 Qd7 10. h3 g5 11. Bg3 0-0-0 12. b4 Nd4 13. Nxd4 exd4 14. Nd1 d5 15. e5 Ne8 16. a4 Ng7 17. b5 axb5 18. axb5 Qxb5 19. h4 Bb4 20. c3 dxc3 21. Qc2 d4 22. Bf3 g4 23. Be2 h5 24. Rf1 Nf5 25. Rg1 Nxg3 26. fxg3 Qxe5 27. Kf2 Bd6 28. Qa4 Qxg3+ 29. Kf1 Qf4+ 30. Ke1 Qd2+ 31. Kf1 Bg3 32. Qa8+ Kd7 33. Qa4+ Ke7 34. Qb4+ Rd6 35. Qxb7 Qe1# 0-1

[Event "GER Pfingstopen U12"]
[Site "Playchess.com INT"]
[Date "2020.06.02"]
[Round "8"]
[White "Melestean, Timur"]
[Black "Haubold, Christian Lucas"]
[Result "0-1"]
[WhiteElo "1620"]
[BlackElo "1511"]
[PlyCount "128"]
[EventDate "2020.06.02"]
[EventType "swiss (blitz)"]
[EventRounds "11"]
[EventCountry "GER"]
[SourceTitle "CBM 197 Extra"]
[Source "ChessBase"]
[SourceDate "2020.09.30"]
[SourceVersion "1"]
[SourceVersionDate "2020.09.30"]
[SourceQuality "1"]

1. c4 c5 2. Nf3 Nf6 3. d4 cxd4 4. Nxd4 g6 5. Nc3 Bg7 6. g3 0-0 7. Bg2 d6 8. 0-0 a6 9. Bg5 Qc7 10. b3 Nc6 11. Nxc6 bxc6 12. Rc1 Re8 13. Qd2 a5 14. Rfd1 Bb7 15. e4 c5 16. Nb5 Qb6 17. Bxf6 Bxf6 18. a4 Bc6 19. e5 Bxe5 20. f4 Bg7 21. Bxc6 Qxc6 22. Re1 Bh6 23. Qd3 Rab8 24. Rcd1 Bg7 25. Re2 Bf6 26. Qd2 Qf3 27. Rf1 Qxb3 28. Qxa5 Qxc4 29. Rfe1 Bd4+ 30. Nxd4 Qxd4+ 31. Kg2 Qd5+ 32. Kh3 e6 33. Rd2 Qc6 34. Red1 d5 35. Rc1 c4 36. f5 gxf5 37. g4 fxg4+ 38. Kxg4 Qb6 39. Qc3 Qb4 40. Qe3 c3+ 41. Kf3 Qe4+ 42. Qxe4 dxe4+ 43. Kxe4 cxd2 44. Rd1 Red8 45. Ke3 Rb2 46. Ke2 f5 47. a5 e5 48. a6 Kf7 49. a7 Ke6 50. a8Q Rxa8 51. Rxd2 Rxd2+ 52. Kxd2 Ra2+ 53. Ke3 Rxh2 54. Kf3 e4+ 55. Kf4 e3 56. Kxe3 Ke5 57. Kf3 Ra2 58. Ke3 Ra3+ 59. Kf2 f4 60. Kf1 Ke4 61. Ke2 Ra2+ 62. Kf1 Ke3 63. Kg1 Kf3 64. Kf1 Ra1# 0-1